Halloween - Filmreihe - Statistiken

Allgemein
  • Dieses Quiz wurde 18 mal gespielt
  • Das Durchschnittsergebnis liegt bei 12 aus 13
Antwortstatistiken
Jahr Titel % Korrekt
2007 Halloween
100%
2018 Halloween
100%
1978 Halloween – Die Nacht des Grauens
100%
2009 Halloween II
100%
1981 Halloween II – Das Grauen kehrt zurück
100%
1982 Halloween III
100%
1988 Halloween IV – Michael Myers kehrt zurück
100%
1989 Halloween V – Die Rache des Michael Myers
100%
1995 Halloween VI – Der Fluch des Michael Myers
100%
2022 Halloween Ends
83%
2021 Halloween Kills
83%
1998 Halloween H20
50%
2002 Halloween: Resurrection
50%
Keine übereinstimmenden Quizze gefunden
Verteilung der Resultate
Anzahl Personen mit jedem Resultat
Perzentil nach korrekt beantworteten Fragen
Ihre Resultats-Entwicklung
Sie haben dieses Quiz noch nicht gespielt